The groundwork of Christian ethics (Record no. 447)

MARC details
000 -LEADER
fixed length control field 00743cam a2200265 4500
001 - CONTROL NUMBER
control field 1719095
003 - CONTROL NUMBER IDENTIFIER
control field GBCCL
005 - DATE AND TIME OF LATEST TRANSACTION
control field 20241126110338.0
008 - FIXED-LENGTH DATA ELEMENTS--GENERAL INFORMATION
fixed length control field 720731s1971 enk b 001 0 eng
010 ## -
-- 72184209
015 ## -
-- B71-24936
020 ## - INTERNATIONAL STANDARD BOOK NUMBER
International Standard Book Number 716203995
040 ## - CATALOGING SOURCE
Original cataloging agency DLC
Transcribing agency DLC
Modifying agency DLC
050 00 -
-- BJ1251
-- .R64
082 00 - DEWEY DECIMAL CLASSIFICATION NUMBER
Classification number 241
Item number JON
100 1# - MAIN ENTRY--PERSONAL NAME
Personal name Robinson, N. H. G.
Fuller form of name (Norman Hamilton Galloway),
Dates associated with a name 1912-
9 (RLIN) 681
245 14 - TITLE STATEMENT
Title The groundwork of Christian ethics
Statement of responsibility, etc. [by] N. H. G. Robinson.
260 ## - PUBLICATION, DISTRIBUTION, ETC.
Place of publication, distribution, etc. London:
Name of publisher, distributor, etc. Epworth press,
Date of publication, distribution, etc. 1987
300 ## - PHYSICAL DESCRIPTION
Extent 248 p.
Dimensions 22 cm.
350 ## - PRICE (NR) (BK AM CF MU VM SE) [OBSOLETE]
Price �3.15
504 ## - BIBLIOGRAPHY, ETC. NOTE
Bibliography, etc. note Include index
650 #0 - SUBJECT ADDED ENTRY--TOPICAL TERM
Topical term or geographic name entry element Christian ethics.
9 (RLIN) 68
906 ## - LOCAL DATA ELEMENT F, LDF (RLIN)
a 7
b cbc
c orignew
d 3
e ncip
f 19
g y-gencatlg
942 ## - ADDED ENTRY ELEMENTS (KOHA)
Source of classification or shelving scheme Dewey Decimal Classification
Koha item type Books
Koha issues (borrowed), all copies 12
Holdings
Withdrawn status Lost status Source of classification or shelving scheme Damaged status Not for loan Home library Current Library Shelving location Date acquired Total checkouts Total renewals Full call number Barcode Date last seen Date last checked out Copy number Price effective from Koha item type
    Dewey Decimal Classification     GRACE BIBLE COLLEGE GRACE BIBLE COLLEGE Theology 2016-10-27 16 3 241 JON 002400 2025-07-22 2025-07-18 c.1 2016-10-27 Books
© Grace Bible College Library 2025